|
|
|
|
| LEADER |
00000cam a2200000 a 4500 |
| 001 |
vtls001120519 |
| 003 |
SK-MaSNL |
| 005 |
20260302020210.0 |
| 008 |
160216s1987 xo 0000f fre |
| 015 |
|
|
|a SNBA1988/01
|
| 035 |
|
|
|a SNK000063362
|
| 040 |
|
|
|a SNK
|b slo
|c SNK
|e AACR2
|
| 041 |
1 |
|
|a slo
|h fre
|
| 044 |
|
|
|a xo
|c SK
|
| 080 |
|
|
|a 840-3(087.5)
|2 1981
|
| 100 |
1 |
|
|a Dumas, Alexandre,
|d 1802-1870
|4 aut
|9 209232
|
| 240 |
1 |
3 |
|a Le Comte de Monte-Cristo
|l Slovensky
|
| 245 |
1 |
0 |
|a Gróf Montecristo 2
|c Alexandre Dumas ; preložil Vladimír Roy ; pre mládež upravila Elena Chmelová
|
| 250 |
|
|
|a 4. vyd.
|
| 260 |
|
|
|a Bratislava
|b Mladé letá
|c 1987
|e Bratislava
|f Pravda
|
| 300 |
|
|
|a 60 s.
|c 28 cm
|
| 366 |
|
|
|e 20000 výtl.
|
| 500 |
|
|
|a Preložené z francúzštiny
|
| 521 |
|
|
|a Pre čitateľov od 13 rokov
|
| 655 |
|
7 |
|a francúzske romány
|2 SNKPH
|9 70252
|
| 655 |
|
7 |
|a dobrodružné romány
|2 SNKPH
|9 70486
|
| 700 |
1 |
|
|a Roy, Vladimír,
|d 1885-1936
|4 trl
|9 19274
|
| 700 |
1 |
|
|a Chmelová, Elena,
|d 1920-1995
|4 adp
|9 163974
|
| 958 |
|
|
|a OND
|
| 958 |
|
|
|a LX
|
| 958 |
|
|
|a DB
|
| 958 |
|
|
|a TL
|
| 958 |
|
|
|a UP
|
| 999 |
|
|
|c 1024176
|d 1026106
|
| 952 |
|
|
|a SNK
|b SNK
|y PREZ
|7 0
|p 17A0843872
|o snkSB 42591/2
|0 0
|1 0
|4 0
|d 2012-06-22
|f 1
|l 0
|r 2025-05-09 00:00:00
|w 2026-02-24
|
| 952 |
|
|
|t P60, <05>, [BOOK], {605}
|a SNK
|b SNK
|y PREZ
|7 0
|p 17A0155412
|o snkSB 42591/2 D1
|0 0
|1 0
|4 0
|d 1998-08-26
|l 0
|r 2004-12-31 00:00:00
|w 2026-02-24
|